Արտավազդ II-ի դրամները / (Record no. 147337)
[ view plain ]
| 000 -LEADER | |
|---|---|
| fixed length control field | 01097nam a2200265 a 4500 |
| 001 - CONTROL NUMBER | |
| control field | 000387418 |
| 003 - CONTROL NUMBER IDENTIFIER | |
| control field | AM-YeHGA |
| 005 - DATE AND TIME OF LATEST TRANSACTION | |
| control field | 20250618072328.0 |
| 008 - FIXED-LENGTH DATA ELEMENTS--GENERAL INFORMATION | |
| fixed length control field | 041125s2004 ai 000 | arm d |
| 020 ## - INTERNATIONAL STANDARD BOOK NUMBER | |
| International Standard Book Number | 9994133217 |
| 040 ## - CATALOGING SOURCE | |
| Original cataloging agency | AM-YeHGA |
| 041 0# - LANGUAGE CODE | |
| Language code of text/sound track or separate title | arm |
| 090 ## - LOCALLY ASSIGNED LC-TYPE CALL NUMBER (OCLC); LOCAL CALL NUMBER (RLIN) | |
| -- | 148724 |
| 100 1# - MAIN ENTRY--PERSONAL NAME | |
| Personal name | Վարդանյան, Ռուբեն |
| 9 (RLIN) | 8915 |
| 245 10 - TITLE STATEMENT | |
| Title | Արտավազդ II-ի դրամները / |
| Statement of responsibility, etc. | Ռ. Վարդանյան; ՀՀ ԳԱԱ Հնագիտ. և ազգագր. ին-տ; Հայաստանի պատմ. թանգ. |
| 246 15 - VARYING FORM OF TITLE | |
| Title proper/short title | Coinage of Artavazdes II |
| 260 ## - PUBLICATION, DISTRIBUTION, ETC. | |
| Place of publication, distribution, etc. | Երևան : |
| Name of publisher, distributor, etc. | Մուղնի, |
| Date of publication, distribution, etc. | 2004. |
| 300 ## - PHYSICAL DESCRIPTION | |
| Extent | 138 էջ : |
| Other physical details | 8 ներդ. թ. նկ. ; |
| Dimensions | 20 սմ. |
| 504 ## - BIBLIOGRAPHY, ETC. NOTE | |
| Bibliography, etc. note | Մատենագիտ. տողատ. ծանոթ. և էջ՝ 126-132 հայ., ռուս. և օտար լեզ. |
| 504 ## - BIBLIOGRAPHY, ETC. NOTE | |
| Bibliography, etc. note | Հավելված էջ՝ 133-138 |
| 600 04 - SUBJECT ADDED ENTRY--PERSONAL NAME | |
| Personal name | Արտավազդ, |
| Numeration | Բ |
| 650 14 - SUBJECT ADDED ENTRY--TOPICAL TERM | |
| Topical term or geographic name entry element | Հնագիտություն |
| Geographic subdivision | Հայաստան |
| 710 2# - ADDED ENTRY--CORPORATE NAME | |
| Corporate name or jurisdiction name as entry element | Հնագիտության և ազգագրության ինստիտուտ ՀՀ ԳԱԱ |
| 710 2# - ADDED ENTRY--CORPORATE NAME | |
| Corporate name or jurisdiction name as entry element | Հայաստանի պատմության թանգարան |
| Withdrawn status | Lost status | Damaged status | Not for loan | Collection | Home library | Current library | Date acquired | Total checkouts | Full call number | Barcode | Date last seen | Price effective from | Koha item type | Public note |
|---|---|---|---|---|---|---|---|---|---|---|---|---|---|---|
| General | Fundamental Scientific Library | Fundamental Scientific Library | 22/12/2016 | AII/89865 | 220089865 | 22/12/2016 | 22/12/2016 | Գրքեր / Books | 30 Days Loan |
ՀՀ Գիտությունների ազգային ակադեմիայի հիմնարար գիտական գրադարան = Fundamental Scientific Library of NAS RA
All site content, except where otherwise noted, is licensed under a